000 02565cam a2200349 4500500
005 20260111095215.0
041 _afre
042 _adc
100 1 0 _aBoutié, Élise
_eauthor
245 0 0 _aQuand le feu réduit les maisons en cendres mais pas la lutte des classes qu’elles incarnent
260 _c2025.
500 _a78
520 _aLe 8 novembre 2018, un mégafeu détruit sept villes et villages situés dans les contreforts de la Sierra Nevada en Californie du nord, causant la mort de 85 personnes, la perte de 19 000 structures humaines et 62 000 hectares de forêt. Développées selon le modèle de la banlieue pavillonnaire, incarnation du rêve états-unien de la classe moyenne, deux de ces villes, Paradise et Magalia, concentraient environ 40 000 personnes. À partir d’éléments ethnographiques collectés dans le cadre d’un travail doctoral mené entre 2019 et 2021 (entretiens, observations et participations à des réunions d’associations de propriétaires…), cet article s’intéresse à la figure historique, symbolique et matérielle de la maison individuelle et montre que malgré la destruction des habitats, l’attachement au statut et à la hiérarchie sociale qui lui est associée reste fort.
520 _aOn November 8th a megafire destroyed seven towns and villages in the Sierra Nevada, northern California, killing 85 people and burning to the grown 19 000 human structures and 62 000 hectares of forest. The two biggest ones, Paradise and Magalia, counted more than 40 000 inhabitants and were developped on the suburban model. Based on ethnographic fieldwork directed between 2019 and 2021 for a doctoral research in anthropology, this paper focuses on the single family home as a historical, symbolical and material figure and shows that despite the destruction of multiple homes, the single family home still performs an attachement to social statute and hierarchy.
690 _aCalifornie
690 _acatastrophe
690 _aclasse moyenne
690 _aincendie
690 _amégafeu
690 _apavillon
690 _areconstruction.
690 _arêve américain
690 _aAmerican Dream
690 _aCalifornia
690 _acatastrophe
690 _amegafire
690 _amiddleclass
690 _arebuilding.
690 _asingle family home
786 0 _nL'Information géographique | 89 | 4 | 2025-12-10 | p. 29-46 | 0020-0093
856 4 1 _uhttps://shs.cairn.info/revue-linformation-geographique-2025-4-page-29?lang=fr&redirect-ssocas=7080
999 _c1629375
_d1629375